| 000 | 01516cam a2200301 i 4500 | ||
|---|---|---|---|
| 001 | 17888072 | ||
| 003 | OSt | ||
| 005 | 20230822133444.0 | ||
| 008 | 130916s2015 maua 001 0 eng | ||
| 010 | _a 2013036138 | ||
| 020 | _a9780133499919 (student edition) | ||
| 040 |
_aDLC _beng _cDLC _erda _dDLC |
||
| 042 | _apcc | ||
| 050 | 0 | 0 |
_aHD31 _b.R5643 2015 |
| 082 | 0 | 0 |
_a658 _bROB/F |
| 100 |
_aRobbins, Stephen P _d1943- _91502 |
||
| 245 | 1 | 0 |
_aFundamentals of management : _bessential concepts and applications / _cStephen P. Robbins, San Diego State University, David A. Decenzo, Coastal Carolina University, Mary Coulter, Missouri State University. |
| 250 | _aNinth Edition. | ||
| 264 | 1 |
_aBoston : _bPearson, _c[2015] |
|
| 300 | _a504 pages : | ||
| 338 | _2r | ||
| 500 | _aIncludes index. | ||
| 505 | 0 | _aPreface/introduction -- Managers and management -- The management environment -- Integrative managerial issues -- Foundations of decision making -- Foundations of planning -- Organizational structure and design -- Managing human resources -- Managing change and innovation -- Foundations of individual behavior -- Understanding groups and managing work teams -- Motivating and rewarding employees -- Leadership and trust -- Managing communication and information -- Foundations of control -- Operations management -- Glossary -- Index. | |
| 650 | 0 | _aManagement. | |
| 700 | 1 | _aDeCenzo, David A. | |
| 700 | 1 | _aCoulter, Mary K. | |
| 942 |
_2ddc _cBK _h658 _iROB/F _k658 _mROB/F |
||
| 999 |
_c41952 _d41952 |
||